000 00636nam a2200229Ia 4500
005 20241216011048.0
008 190212s9999||||xx |||||||||||||| ||und||
020 _a84-7855-853-5
082 _a657.48
_bR68
100 _aRIVERO ROMERO, JOSE
245 0 _aCONTABILIDAD FINANCIERA
250 _a0
260 _aMADRID-ESPAÑA
_bTRIVIUM
_c1992
300 _a691 pag
_c23 cm
341 _h110.65
490 _v0
_a0
505 _aCUENTAS-ANALISIS-PARTIDA DOBLE/TESORERIA-ALMACEN-EMPRESAS
541 _aC
_bLIBRERIA SAN CRISTOBAL
_d15-Dec-95
_oSoles
650 _aCIENCIAS APLICADAS
856 _zCiencias Aplicadas
942 _cLIBRO
999 _c31596
_d31596